Statistics for McDonalds Countries

Click here to take the quiz!

General Stats

  • This quiz has been taken 209 times
  • The average score is 69 of 97

Answer Stats

Answer % Correct
United States
99%
Canada
96%
Mexico
95%
Japan
94%
United Kingdom
93%
Russia
93%
Brazil
93%
China
93%
France
92%
India
90%
Germany
90%
Australia
90%
Italy
88%
South Africa
87%
Spain
87%
Sweden
86%
Finland
86%
Norway
86%
Ireland
85%
Oman
85%
Egypt
85%
Portugal
84%
New Zealand
84%
Argentina
84%
Chile
83%
South Korea
81%
Greece
81%
Netherlands
81%
Belgium
81%
Austria
81%
Denmark
81%
Switzerland
79%
Thailand
79%
Turkey
78%
Peru
78%
Saudi Arabia
78%
Colombia
78%
Poland
78%
Czech Republic
77%
Estonia
77%
Lithuania
77%
Latvia
75%
Paraguay
75%
Slovakia
75%
Slovenia
75%
Uruguay
74%
Ukraine
74%
Indonesia
74%
Hungary
74%
United Arab Emirates
74%
Venezuela
74%
Panama
73%
Luxembourg
72%
Israel
72%
Croatia
72%
Pakistan
71%
Iraq
70%
Belarus
68%
Philippines
68%
Serbia
68%
El Salvador
65%
Qatar
65%
Andorra
65%
Bulgaria
65%
Morocco
65%
Nicaragua
65%
Bosnia and Herzegovina
64%
Honduras
64%
San Marino
63%
Guatemala
63%
Cuba
63%
Monaco
62%
Malaysia
62%
Costa Rica
62%
Ecuador
61%
Romania
60%
Liechtenstein
59%
Malta
59%
Macedonia
59%
Singapore
57%
Kuwait
56%
Lebanon
56%
Cyprus
55%
Jordan
54%
Bahamas
54%
Bahrain
54%
Moldova
53%
Georgia
53%
Suriname
52%
Dominican Republic
51%
Sri Lanka
46%
Fiji
44%
Trinidad and Tobago
40%
Azerbaijan
39%
Brunei
33%
Samoa
25%
Mauritius
11%

Score Distribution

Percentile by Number Answered

Percent of People with Each Score

Your Score History

You have not taken this quiz